00540nam a2200157Ia 4500008004100000041000800041082001400049100002000063245004500083250000600128260005100134300003100185365001100216999001700227952013800244240624s9999 xx 000 0 und d aeng a511.8 ILL aILLNER REINHARD aMATHEMATICAL MODELLING A CASE STUDIES AP a7 c2011aHyderabadbAmerican Mathematical Society axvi, : 196 : p. : cm. ; 21 cRSb25 c19639d19639 00104070aIMTNbIMTNcRack 17-Ad2012-09-27eAPg450.00l5m2o511.8 ILLp19639r2025-10-13 00:00:00s2025-10-04t1w2024-06-24yBK